000
00256nam a2200097Ia 4500
001
691595
005
20250826161838.0
008
250824s9999 xx 000 0 und d
245
0
_a
OĞLUMA AHLAK ÜSTÜNÜ ÖĞÜTLER
_c
FERNANDO SAVATER
260
_b
İLETİŞİM
999
_c
691595
_d
691595